Gobernabilidad: lecciones de la experiencia

Gorde:
Xehetasun bibliografikoak
Egile nagusia: Boeninger Kausel, Edgardo
Formatua: Liburua
Hizkuntza:gaztelania
Argitaratua: Santiago, Chile. Uqbar Editores. 2014
Gaiak:
Etiketak: Etiketa erantsi
Etiketarik gabe, Izan zaitez lehena erregistro honi etiketa jartzen!

MARC

LEADER 00000cam a2200000 a 4500
001 UCE3076
003 CL-VaPUC
005 20220730074407.0
008 140814e20140000cl |||||||||||||||||spa|d
999 |c 356525  |d 356523 
020 |a 9789569171307 
040 |c Pontificia Universidad Católica de Valparaíso 
082 0 4 |a 321.8 BOE 2014  |2 21 
100 0 |a Boeninger Kausel, Edgardo  |9 575580 
245 1 0 |a Gobernabilidad: lecciones de la experiencia 
260 0 3 |a Santiago, Chile.  |b Uqbar Editores.  |c 2014 
300 |a 742 páginas 
583 |a last modification  |c 20140814 14:58:00  |k Rodrigo Vera 
650 0 |a Democracia  |9 255256 
650 7 |a ORDEN SOCIAL  |2 CL-VaPUC  |9 384516 
650 7 |a ORDEN POLITICO  |2 CL-VaPUC  |9 391801 
650 7 |a REFORMA LABORAL  |2 CL-VaPUC  |9 352892 
650 0 |a Gobierno   |9 255508 
650 0 |a Estabilidad política  |9 320627 
650 0 |a Democracia  |9 255256 
650 7 |a LEGITIMIDAD DE LOS GOBIERNOS  |2 CL-VaPUC  |9 320628 
651 7 |a CHILE  |2 CL-VaPUC  |9 575581 
942 |c BK  |2 ddc 
945 |d 20140814 14:58:00  |a arojas 
952 |0 0  |1 0  |2 ddc  |3 erb  |4 0  |6 321_800000000000000_BOE_2014  |7 0  |8 A  |9 463970  |a BIBHIS  |b BIBHIS  |i 5095220  |o 321.8 BOE 2014  |p 5095220  |r 2025-01-20  |t 1  |w 2019-11-23  |y BK  |z Catalogado en:20140814  |k HIS